000 00731nam a2200241Ia 4500
003 OSt
005 20220918180058.0
006 a|||||r|||| 00| 0
007 ta
008 220917b |||||||| |||| 00| 0 eng d
024 _a20,554
037 _cTextual
040 _aARTS
_cARTS
_beng
041 _2eng
_aeng
082 _a2m2.N64, bN2
100 _aSukhbir Singh
_955634
245 0 _aTwenty five years of library science writings
_b Index to articles in library science with a slant to documentation
260 _aNew Delhi
_bEss Ess Pub India
_c1992
300 _a130p.
_ccm.
650 _aLIBRARIES - ACQUISITION
_955635
942 _h2m2.N64, bN2
_cTEXL
_2CC
999 _c160254
_d160254